000 00467nam a2200181Ia 4500
001 19290
003 IN-NITTTR
005 20251114233223.0
008 251113s9999||||xx |||||||||||||| ||eng||
040 _beng
040 _cIN-NITTTR
041 _aeng
082 _a003.3 H76S R
100 _aHoover, Stewart V.
245 0 _aSimulation :
_b a problem-solving approach. /
_cHoover, Stewart V., Perry, Robert F.
700 _a Perry, Robert F.
942 _2ddc
_cBK
999 _c21924
_d21924